[Event "Tata Steel Masters"]
[Date "2026.01.31"]
[White "Nguyen, Thai Dai Van"]
[Black "Sindarov, Javokhir"]
[WhiteElo "2656"]
[BlackElo "2726"]
[Round "13.13.5"]
[Result "0-1"]

d4 {[%clk 01:59:56] [%emt 00:00:02]} Nf6 {[%clk 01:59:51] [%emt 00:00:10]} c4
{[%clk 01:59:50] [%emt 00:00:05]} g6 {[%clk 01:59:47] [%emt 00:00:04]} Nc3
{[%clk 01:59:39] [%emt 00:00:11]} Bg7 {[%clk 01:59:43] [%emt 00:00:04]} e4
{[%clk 01:59:28] [%emt 00:00:11]} d6 {[%clk 01:59:36] [%emt 00:00:07]} Be2
{[%clk 01:59:12] [%emt 00:00:15]} O-O {[%clk 01:59:29] [%emt 00:00:08]} Be3
{[%clk 01:59:02] [%emt 00:00:10]} Nc6 {[%clk 01:59:02] [%emt 00:00:27]} d5
{[%clk 01:58:33] [%emt 00:00:29]} Ne5 {[%clk 01:58:55] [%emt 00:00:07]} Rc1
{[%clk 01:58:19] [%emt 00:00:14]} c6 {[%clk 01:58:26] [%emt 00:00:29]} Nf3
{[%clk 01:58:01] [%emt 00:00:18]} Nfg4 {[%clk 01:57:58] [%emt 00:00:27]} Bg5
{[%clk 01:57:08] [%emt 00:00:53]} f6 {[%clk 01:57:40] [%emt 00:00:19]} Bf4
{[%clk 01:54:49] [%emt 00:02:18]} f5 {[%clk 01:57:18] [%emt 00:00:22]} exf5
{[%clk 01:41:06] [%emt 00:13:42]} Bxf5 {[%clk 01:57:09] [%emt 00:00:09]} O-O
{[%clk 01:39:44] [%emt 00:01:22]} Nxf3+ {[%clk 01:56:55] [%emt 00:00:14]} Bxf3
{[%clk 01:39:38] [%emt 00:00:06]} Ne5 {[%clk 01:56:52] [%emt 00:00:03]} Bxe5
{[%clk 01:33:36] [%emt 00:06:03]} Bxe5 {[%clk 01:56:40] [%emt 00:00:11]} dxc6
{[%clk 01:33:33] [%emt 00:00:03]} bxc6 {[%clk 01:56:35] [%emt 00:00:06]} Bxc6
{[%clk 01:33:29] [%emt 00:00:04]} Rc8 {[%clk 01:56:31] [%emt 00:00:03]} Be4
{[%clk 01:33:01] [%emt 00:00:28]} Bxe4 {[%clk 01:54:01] [%emt 00:02:29]} Nxe4
{[%clk 01:32:42] [%emt 00:00:19]} Bxb2 {[%clk 01:53:52] [%emt 00:00:09]} Rb1
{[%clk 01:26:10] [%emt 00:06:32]} Be5 {[%clk 01:35:22] [%emt 00:18:30]} Qd5+
{[%clk 01:06:16] [%emt 00:19:55]} Kh8 {[%clk 01:35:11] [%emt 00:00:11]} Rb7
{[%clk 01:05:53] [%emt 00:00:24]} Rf5 {[%clk 01:23:34] [%emt 00:11:37]} Qe6
{[%clk 01:02:36] [%emt 00:03:17]} Rc7 {[%clk 01:23:14] [%emt 00:00:20]} Rfb1
{[%clk 00:44:47] [%emt 00:17:49]} Rxb7 {[%clk 01:22:13] [%emt 00:01:02]} Rxb7
{[%clk 00:44:36] [%emt 00:00:11]} Qa5 {[%clk 01:20:27] [%emt 00:01:46]} Rb1
{[%clk 00:44:03] [%emt 00:00:32]} Kg7 {[%clk 00:58:33] [%emt 00:21:54]} h4
{[%clk 00:08:25] [%emt 00:35:38]} Qxa2 {[%clk 00:53:46] [%emt 00:04:47]} Rf1
{[%clk 00:07:14] [%emt 00:01:12]} Bf4 {[%clk 00:24:43] [%emt 00:29:03]} Qxe7+
{[%clk 00:06:42] [%emt 00:00:31]} Rf7 {[%clk 00:24:40] [%emt 00:00:03]} Qe6
{[%clk 00:05:23] [%emt 00:01:19]} Qe2 {[%clk 00:24:35] [%emt 00:00:04]} Rb1
{[%clk 00:02:37] [%emt 00:02:47]} Be5 {[%clk 00:21:35] [%emt 00:03:00]} Qd5
{[%clk 00:02:27] [%emt 00:00:11]} a5 {[%clk 00:17:14] [%emt 00:04:21]} g3 {[%clk
00:01:00] [%emt 00:01:27]} Bb2 {[%clk 00:13:40] [%emt 00:03:34]} Rf1 {[%clk
00:00:45] [%emt 00:00:15]} a4 {[%clk 00:13:12] [%emt 00:00:28]} Nxd6 {[%clk
00:00:42] [%emt 00:00:02]} Re7 {[%clk 00:13:09] [%emt 00:00:03]} c5 {[%clk
00:00:27] [%emt 00:00:16]} a3 {[%clk 00:12:59] [%emt 00:00:10]} c6 {[%clk
00:00:26]} Bf6 {[%clk 00:11:48] [%emt 00:01:10]} Nc8 {[%clk 00:00:22] [%emt
00:00:04]} Rc7 {[%clk 00:10:31] [%emt 00:01:17]} Qd6 {[%clk 00:00:15] [%emt
00:00:07]} Qe5 {[%clk 00:10:25] [%emt 00:00:05]} Qxa3 {[%clk 00:30:34] [%emt
00:00:12]} Rxc8 {[%clk 00:40:51] [%emt 00:00:05]} Rc1 {[%clk 00:15:41] [%emt
00:15:22]} Rc7 {[%clk 00:41:00] [%emt 00:00:21]} Qf3 {[%clk 00:09:32] [%emt
00:06:39]} Qe6 {[%clk 00:40:43] [%emt 00:00:47]} Rc2 {[%clk 00:07:53] [%emt
00:02:10]} Qd6 {[%clk 00:38:42] [%emt 00:02:31]} Kg2 {[%clk 00:06:36] [%emt
00:01:46]} h5 {[%clk 00:39:00] [%emt 00:00:12]} Qe4 {[%clk 00:05:52] [%emt
00:01:14]} Rf7 {[%clk 00:38:42] [%emt 00:00:46]} Qc4 {[%clk 00:05:56] [%emt
00:00:27]} Rc7 {[%clk 00:38:41] [%emt 00:00:32]} Qe4 {[%clk 00:05:56] [%emt
00:00:30]} Bd8 {[%clk 00:36:57] [%emt 00:02:13]} Qc4 {[%clk 00:06:21] [%emt
00:00:06]} Kh7 {[%clk 00:36:18] [%emt 00:01:08]} Qc3 {[%clk 00:06:11] [%emt
00:00:40]} Qd5+ {[%clk 00:35:30] [%emt 00:01:15]} Qf3 {[%clk 00:05:58] [%emt
00:00:46]} Qd6 {[%clk 00:31:10] [%emt 00:04:47]} Qc3 {[%clk 00:06:26] [%emt
00:00:04]} Bf6 {[%clk 00:31:27] [%emt 00:00:13]} Qc4 {[%clk 00:06:48] [%emt
00:00:09]} Be5 {[%clk 00:30:00] [%emt 00:01:53]} Qe4 {[%clk 00:06:14] [%emt
00:01:08]} Qf6 {[%clk 00:29:59] [%emt 00:00:31]} Qf3 {[%clk 00:05:20] [%emt
00:01:25]} Qd6 {[%clk 00:29:56] [%emt 00:00:33]} Qe4 {[%clk 00:05:40] [%emt
00:00:10]} Kg7 {[%clk 00:29:46] [%emt 00:00:39]} Qc4 {[%clk 00:04:51] [%emt
00:01:19]} Qf6 {[%clk 00:29:54] [%emt 00:00:22]} Qc5 {[%clk 00:04:21] [%emt
00:01:01]} Bd4 {[%clk 00:29:05] [%emt 00:01:18]} Qc4 {[%clk 00:04:14] [%emt
00:00:37]} Bb6 {[%clk 00:26:03] [%emt 00:03:31]} Qc3 {[%clk 00:04:10] [%emt
00:00:36]} Bd4 {[%clk 00:25:08] [%emt 00:01:24]} Qc4 {[%clk 00:04:07] [%emt
00:00:33]} Kh7 {[%clk 00:25:11] [%emt 00:00:26]} Rd2 {[%clk 00:01:48] [%emt
00:02:50]} Bb6 {[%clk 00:25:23] [%emt 00:00:18]} Rc2 {[%clk 00:02:15] [%emt
00:00:03]} Rf7 {[%clk 00:23:16] [%emt 00:02:37]} Qd5 {[%clk 00:01:49] [%emt
00:00:56]} Kg7 {[%clk 00:22:47] [%emt 00:00:59]} Qb3 {[%clk 00:01:47] [%emt
00:00:32]} Qf5 {[%clk 00:21:36] [%emt 00:01:40]} Re2 {[%clk 00:01:19] [%emt
00:00:58]} Kh7 {[%clk 00:19:03] [%emt 00:03:04]} f4 {[%clk 00:00:49] [%emt
00:01:00]} Bc7 {[%clk 00:18:15] [%emt 00:01:17]} Qc4 {[%clk 00:00:48] [%emt
00:00:31]} Kg7 {[%clk 00:17:59] [%emt 00:00:46]} Qd4+ {[%clk 00:00:54] [%emt
00:00:25]} Qf6 {[%clk 00:18:23] [%emt 00:00:05]} Qxf6+ {[%clk 00:00:37] [%emt
00:00:48]} Kxf6 {[%clk 00:18:50] [%emt 00:00:03]} Kf3 {[%clk 00:00:48] [%emt
00:00:19]} Bd6 {[%clk 00:19:14] [%emt 00:00:05]} Rd2 {[%clk 00:00:48] [%emt
00:00:30]} Ke6 {[%clk 00:19:40] [%emt 00:00:04]} Ke4 {[%clk 00:00:43] [%emt
00:00:36]} Ra7 {[%clk 00:20:05] [%emt 00:00:05]} Rc2 {[%clk 00:01:01] [%emt
00:00:13]} Bc7 {[%clk 00:18:49] [%emt 00:01:46]} Rc5 {[%clk 00:01:14] [%emt
00:00:17]} Ra3 {[%clk 00:17:52] [%emt 00:01:25]} Rg5 {[%clk 00:01:42] [%emt
00:00:02]} Kf6 {[%clk 00:18:15] [%emt 00:00:07]} Kd4 {[%clk 00:00:34] [%emt
00:01:38]} Ra6 {[%clk 00:17:40] [%emt 00:01:05]} Kd5 {[%clk 00:00:34] [%emt
00:00:31]} Ra5+ {[%clk 00:17:40] [%emt 00:00:29]} Ke4 {[%clk 00:01:02] [%emt
00:00:01]} Rxg5 {[%clk 00:16:54] [%emt 00:01:16]} hxg5+ {[%clk 00:01:31] [%emt
00:00:01]} Ke6 {[%clk 00:17:18] [%emt 00:00:07]} Kf3 {[%clk 00:01:05] [%emt
00:00:56]} Kf5 {[%clk 00:17:40] [%emt 00:00:08]} Kg2 {[%clk 00:00:51] [%emt
00:00:44]} Kg4 {[%clk 00:18:04] [%emt 00:00:05]} Kf2 {[%clk 00:00:57] [%emt
00:00:24]} h4 {[%clk 00:18:15] [%emt 00:00:20]} gxh4 {[%clk 00:01:22] [%emt
00:00:05]} Bxf4 {[%clk 00:18:40] [%emt 00:00:05]}

[Site "Europe Echecs"]

[Event "Tata Steel Masters"]
[Date "2026.01.31"]
[White "Giri, Anish"]
[Black "Niemann, Hans Moke"]
[WhiteElo "2760"]
[BlackElo "2725"]
[Round "13.13.6"]
[Result "1/2-1/2"]

e4 {[%clk 01:59:58] [%emt 00:00:01]} e5 {[%clk 01:59:36] [%emt 00:00:24]} Nf3
{[%clk 01:59:54] [%emt 00:00:04]} Nc6 {[%clk 01:59:26] [%emt 00:00:10]} Bb5
{[%clk 01:59:49] [%emt 00:00:05]} a6 {[%clk 01:58:30] [%emt 00:00:57]} Ba4
{[%clk 01:59:27] [%emt 00:00:22]} Nf6 {[%clk 01:58:04] [%emt 00:00:25]} O-O
{[%clk 01:59:22] [%emt 00:00:05]} Be7 {[%clk 01:57:53] [%emt 00:00:11]} Re1
{[%clk 01:59:19] [%emt 00:00:04]} b5 {[%clk 01:57:40] [%emt 00:00:12]} Bb3
{[%clk 01:59:16] [%emt 00:00:03]} O-O {[%clk 01:57:30] [%emt 00:00:10]} a4
{[%clk 01:59:13] [%emt 00:00:03]} b4 {[%clk 01:53:59] [%emt 00:03:31]} d4 {[%clk
01:59:00] [%emt 00:00:14]} d6 {[%clk 01:53:35] [%emt 00:00:23]} dxe5 {[%clk
01:58:56] [%emt 00:00:05]} Nxe5 {[%clk 01:53:12] [%emt 00:00:22]} Nbd2 {[%clk
01:58:45] [%emt 00:00:11]} a5 {[%clk 01:45:15] [%emt 00:07:57]} Nxe5 {[%clk
01:58:30] [%emt 00:00:14]} dxe5 {[%clk 01:45:06] [%emt 00:00:10]} Nf1 {[%clk
01:57:58] [%emt 00:00:31]} Qxd1 {[%clk 01:40:31] [%emt 00:04:35]} Rxd1 {[%clk
01:57:34] [%emt 00:00:22]} Ba6 {[%clk 01:39:47] [%emt 00:00:46]} Bg5 {[%clk
01:52:55] [%emt 00:04:39]} Rfd8 {[%clk 01:35:02] [%emt 00:04:44]} Ne3 {[%clk
01:52:04] [%emt 00:00:51]} Kf8 {[%clk 01:32:08] [%emt 00:02:54]} Bxf6 {[%clk
01:47:26] [%emt 00:04:39]} Bxf6 {[%clk 01:30:33] [%emt 00:01:35]} Nc4 {[%clk
01:47:24] [%emt 00:00:03]} Bxc4 {[%clk 01:29:56] [%emt 00:00:37]} Bxc4 {[%clk
01:47:21] [%emt 00:00:03]} Rxd1+ {[%clk 01:29:33] [%emt 00:00:24]} Rxd1 {[%clk
01:47:18] [%emt 00:00:03]} Rd8 {[%clk 01:29:28] [%emt 00:00:04]} Rxd8+ {[%clk
01:47:16] [%emt 00:00:04]} Bxd8 {[%clk 01:29:23] [%emt 00:00:04]} Kf1 {[%emt
00:00:08]} c6 {[%clk 01:29:13] [%emt 00:00:04]} Ke2 {[%clk 01:47:09] [%emt
00:00:05]} Bb6 {[%clk 01:29:03] [%emt 00:00:10]} c3 {[%clk 01:46:49] [%emt
00:00:21]} bxc3 {[%clk 01:28:58] [%emt 00:00:05]} bxc3 {[%clk 01:46:47] [%emt
00:00:02]} Ke7 {[%clk 01:28:52] [%emt 00:00:05]} Ba2 {[%clk 01:46:45] [%emt
00:00:02]} Bc5 {[%clk 01:28:48] [%emt 00:00:05]} Bb3 {[%clk 01:46:42] [%emt
00:00:03]} Bb6 {[%clk 01:28:45] [%emt 00:00:03]} Ba2 {[%clk 01:46:39] [%emt
00:00:03]} Bc5 {[%clk 01:28:41] [%emt 00:00:03]} Bb3 {[%clk 01:46:37] [%emt
00:00:03]} Bb6 {[%clk 01:28:38] [%emt 00:00:03]}

[Site "Europe Echecs"]

[Event "Tata Steel Masters"]
[Date "2026.01.31"]
[White "Gukesh D"]
[Black "Keymer, Vincent"]
[WhiteElo "2754"]
[BlackElo "2776"]
[Round "13.13.7"]
[Result "1/2-1/2"]

e4 {[%clk 01:59:57] [%emt 00:00:03]} e5 {[%clk 01:59:56] [%emt 00:00:05]} Nf3
{[%clk 01:59:52] [%emt 00:00:05]} Nc6 {[%clk 01:59:54] [%emt 00:00:03]} Bb5
{[%clk 01:59:47] [%emt 00:00:05]} Nf6 {[%clk 01:59:41] [%emt 00:00:12]} d3
{[%clk 01:59:41] [%emt 00:00:05]} Bc5 {[%clk 01:59:30] [%emt 00:00:12]} Bxc6
{[%clk 01:59:34] [%emt 00:00:07]} dxc6 {[%clk 01:59:26] [%emt 00:00:05]} O-O
{[%clk 01:59:28] [%emt 00:00:05]} Qe7 {[%clk 01:59:24] [%emt 00:00:02]} Nbd2
{[%clk 01:59:12] [%emt 00:00:15]} a5 {[%clk 01:58:31] [%emt 00:00:54]} Nc4
{[%clk 01:59:05] [%emt 00:00:06]} Nd7 {[%clk 01:58:26] [%emt 00:00:05]} Ne3
{[%clk 01:59:00] [%emt 00:00:04]} f6 {[%clk 01:57:36] [%emt 00:00:52]} Nf5
{[%clk 01:58:54] [%emt 00:00:05]} Qf7 {[%clk 01:57:31] [%emt 00:00:05]} Re1
{[%clk 01:58:49] [%emt 00:00:05]} h5 {[%emt 00:01:53]} c3 {[%clk 01:42:40] [%emt
00:16:07]} Nb6 {[%clk 01:54:50] [%emt 00:00:51]} Be3 {[%clk 01:36:57] [%emt
00:05:42]} Bxf5 {[%clk 01:36:39] [%emt 00:18:12]} Bxc5 {[%clk 01:36:16] [%emt
00:00:41]} Be6 {[%clk 01:36:15] [%emt 00:00:23]} Qe2 {[%clk 01:32:25] [%emt
00:03:51]} Nd7 {[%clk 01:31:21] [%emt 00:04:54]} Be3 {[%clk 01:31:27] [%emt
00:00:57]} O-O {[%clk 01:17:42] [%emt 00:13:39]} a4 {[%clk 01:30:58] [%emt
00:00:29]} c5 {[%clk 01:04:50] [%emt 00:12:53]} d4 {[%clk 01:22:19] [%emt
00:08:38]} b6 {[%clk 00:50:43] [%emt 00:14:07]} dxe5 {[%clk 01:14:17] [%emt
00:08:02]} Bc4 {[%clk 00:38:42] [%emt 00:12:02]} Qd2 {[%clk 01:13:53] [%emt
00:00:23]} Rad8 {[%clk 00:35:48] [%emt 00:02:54]} b4 {[%clk 01:02:57] [%emt
00:10:56]} cxb4 {[%clk 00:34:36] [%emt 00:01:11]} cxb4 {[%clk 00:59:31] [%emt
00:03:26]} Nc5 {[%clk 00:31:39] [%emt 00:02:58]} Qxd8 {[%clk 00:57:21] [%emt
00:02:10]} Rxd8 {[%clk 00:31:33] [%emt 00:00:06]} bxc5 {[%clk 00:57:18] [%emt
00:00:03]} bxc5 {[%clk 00:29:36] [%emt 00:01:57]} exf6 {[%clk 00:55:55] [%emt
00:01:23]} gxf6 {[%clk 00:29:32] [%emt 00:00:04]} Rac1 {[%clk 00:45:35] [%emt
00:10:19]} Bb3 {[%clk 00:28:26] [%emt 00:01:06]} Rxc5 {[%clk 00:45:26] [%emt
00:00:09]} Bxa4 {[%clk 00:25:42] [%emt 00:02:45]} Nd4 {[%clk 00:43:56] [%emt
00:01:30]} Qe7 {[%clk 00:22:31] [%emt 00:03:05]} Nf3 {[%clk 00:25:32] [%emt
00:18:30]} Rd1 {[%clk 00:19:08] [%emt 00:03:24]} Rxd1 {[%clk 00:23:46] [%emt
00:01:45]} Bxd1 {[%clk 00:19:04] [%emt 00:00:05]} Rxa5 {[%clk 00:23:27] [%emt
00:00:20]} Qxe4 {[%clk 00:17:56] [%emt 00:01:08]} Nd2 {[%clk 00:23:00] [%emt
00:00:27]} Qb7 {[%clk 00:14:12] [%emt 00:03:43]} h3 {[%clk 00:17:04] [%emt
00:05:56]} Kf7 {[%clk 00:13:28] [%emt 00:00:44]} Ra7 {[%clk 00:15:22] [%emt
00:01:42]} Qb8 {[%clk 00:12:48] [%emt 00:00:41]} Ne4 {[%clk 00:13:59] [%emt
00:01:23]} Be2 {[%clk 00:08:14] [%emt 00:04:34]} Ng3 {[%clk 00:08:33] [%emt
00:05:26]} Bd1 {[%clk 00:08:11] [%emt 00:00:03]} Ra1 {[%clk 00:08:15] [%emt
00:00:17]} Qd8 {[%clk 00:06:07] [%emt 00:02:04]} Rc1 {[%clk 00:08:05] [%emt
00:00:11]} Qd7 {[%clk 00:04:00] [%emt 00:02:07]} Rc4 {[%clk 00:06:12] [%emt
00:01:53]} Bb3 {[%clk 00:00:40] [%emt 00:03:21]} Rc5 {[%clk 00:32:04] [%emt
00:04:38]} Bd1 {[%clk 00:30:35] [%emt 00:00:35]} Nf5 {[%clk 00:23:31] [%emt
00:09:02]} Bc2 {[%clk 00:17:53] [%emt 00:13:13]} Nd4 {[%clk 00:23:01] [%emt
00:01:00]} Bg6 {[%clk 00:17:51] [%emt 00:00:32]} Nb5 {[%clk 00:21:40] [%emt
00:01:51]} c6 {[%clk 00:16:55] [%emt 00:01:26]} Nd4 {[%clk 00:22:05] [%emt
00:00:05]} Be4 {[%clk 00:16:45] [%emt 00:00:39]} Rxh5 {[%clk 00:14:14] [%emt
00:08:21]} Qd6 {[%clk 00:16:36] [%emt 00:00:38]} f3 {[%clk 00:13:31] [%emt
00:01:14]} Bd3 {[%clk 00:11:28] [%emt 00:05:39]} Kf2 {[%clk 00:10:16] [%emt
00:03:44]} c5 {[%clk 00:11:24] [%emt 00:00:34]} Nf5 {[%clk 00:10:07] [%emt
00:00:38]} Bxf5 {[%clk 00:11:09] [%emt 00:00:46]} Rxf5 {[%clk 00:10:36] [%emt
00:00:01]} c4 {[%clk 00:11:33] [%emt 00:00:06]} Rc5 {[%clk 00:10:06] [%emt
00:00:58]} Qd3 {[%clk 00:11:23] [%emt 00:00:41]} Rc7+ {[%clk 00:08:35] [%emt
00:02:01]} Ke6 {[%clk 00:10:26] [%emt 00:01:27]} Rc6+ {[%clk 00:06:44] [%emt
00:02:21]} Ke7 {[%clk 00:10:45] [%emt 00:00:11]} h4 {[%clk 00:06:15] [%emt
00:00:59]} Qc2+ {[%clk 00:09:47] [%emt 00:01:28]} Kg3 {[%clk 00:06:44] [%emt
00:00:02]} Qd3 {[%clk 00:06:40] [%emt 00:03:37]} Bf4 {[%clk 00:06:36] [%emt
00:00:38]} Qd5 {[%clk 00:06:27] [%emt 00:00:43]} Rc7+ {[%clk 00:06:48] [%emt
00:00:18]} Ke6 {[%clk 00:06:53] [%emt 00:00:04]} h5 {[%clk 00:03:30] [%emt
00:03:48]}